Les joueurs du PSG en Ligue des Champions 2014/15. - Statistiques

Statistiques générales
  • Ce quiz a été pris 14 fois
  • Le résultat moyen est 15 sur 19
Statistiques - réponses
Pays Ages Joueurs Minutes G+A Notes % Correct
Uruguay 27 Edinson Cavani 920 6 7.20
100%
Brésil 29 Thiago Silva 501 1 7.18
100%
France 27 Blaise Matuidi 867 3 7.04
93%
Pays-Bas 26 Gregory Van Der Wiel 813 3 7.06
93%
Brésil 20 Marquinhos 660 0 7.01
93%
Italie 31 Thiago Motta 570 2 7.58
93%
Suède 32 Zlatan Ibrahimovic 477 3 7.07
93%
Argentine 25 Javier Pastore 679 1 6.69
86%
Italie 21 Marco Verratti 546 1 7.37
86%
France 19 Adrien Rabiot 190 0 6.83
79%
Brésil 27 David Luiz 909 2 7.20
79%
Argentine 29 Ezequiel Lavezzi 388 2 6.85
79%
Brésil 32 Maxwell 930 0 6.76
79%
Italie 27 Salvatore Sirigu 930 0 6.58
79%
Brésil 21 Lucas 506 1 7.34
71%
France 28 Yohan Cabaye 203 0 6.60
64%
France 26 Clément Chantôme 23 0 6.70
36%
France 21 Jean-Christophe Bahebeck 36 1 6.60
36%
France 20 Lucas Digne 5 0 N/N
36%
Aucun quiz correspondant
Distribution des résultats
% des personnes avec chaque résultat
Percentile par nombre de réponses
Votre historique - résultats
Vous n’avez pas pris ce quiz